Statistics for Crossing The Sea

Click here to take the quiz!

General Stats

  • This quiz has been taken 16 times
  • The average score is 8 of 12

Answer Stats

CountriesAnswer% Correct
Italy-BosniaAdriatic
100%
Sweden-PolandBaltic
100%
Romania-GeorgiaBlack
94%
France-IsraelMediterranean
94%
Sudan-Saudi ArabiaRed
88%
Haiti- NicaraguaCaribbean
75%
China-South KoreaYellow
63%
Italy-GreeceIonian
63%
Myanmar-IndonesiaAndaman
56%
Norway-IcelandNorwegian
38%
Spain-MoroccoAlboran
13%
India-MaldivesLaccadive
6%

Score Distribution

Percentile by Number Answered

Percent of People with Each Score

Your Score History

You have not taken this quiz